人口密度比所有接壤地级行政区更多的地级行政区 - Statistics

General Stats
  • This quiz has been taken 32 times
    31 since last reset
  • The average score is 39 of 50
Answer Stats
接壤地级行政区个数 地级行政区 % Correct
2 深圳市
100%
5 成都市
95%
4 贵阳市
95%
7 合肥市
95%
5 济南市
95%
6 昆明市
95%
4 拉萨市
95%
5 兰州市
95%
4 南昌市
95%
6 南京市
95%
3 青岛市
95%
2 厦门市
95%
4 乌鲁木齐市
95%
6 西安市
95%
3 西宁市
95%
4 长春市
95%
7 长沙市
95%
5 呼和浩特市
89%
9 沈阳市
89%
4 太原市
89%
3 温州市
89%
5 无锡市
89%
6 武汉市
89%
6 郑州市
89%
3 大连市
84%
2 廊坊市
84%
4 银川市
84%
2 嘉峪关市
79%
3 喀什地区
79%
2 克拉玛依市
79%
3 攀枝花市
79%
6 石家庄市
79%
3 乌海市
79%
2 汕头市
74%
2 新余市
74%
6 阜阳市
68%
5 茂名市
68%
7 濮阳市
68%
3 景德镇市
63%
2 唐山市
63%
3 枣庄市
63%
5 柳州市
58%
4 保山市
53%
3 金昌市
53%
3 鹰潭市
53%
1 西双版纳傣族自治州
47%
4 天水市
42%
4 内江市
37%
5 辽源市
26%
4 六盘水市
11%
No matching quizzes found
Score Distribution
Percent of People with Each Score
Percentile by Number Answered
Your Score History
You have not taken this quiz since the last reset